000 00776nam a2200217Ii 4500
003 JO-AjNU
008 230605s9999||||xx |||||||||||||| ||und||
017 _a367/1986
040 _aJO-AjNU
_bara
_erda
_cJO-AjNU
041 _aara
050 1 4 _aBP161.2.A57.1987
100 3 _aالأنصاري، عبد الله بن إبراهيم,
_eauthor
_964180
245 0 0 _aالموسوعة العلمية والادبية: لقط الدراري من مقتطفات الأنصاري، ج2
250 _aط1
264 3 1 _aقطر: ادارة إحياء التراث الإسلامي، 1987
300 _aح2، 586ص
336 _atext
_btxt
_2rdacontent
337 _aunmediated
_bn
_2rdamedia
338 _avolume
_bnc
_2rdacarrier
650 4 _aالاسلام-موسوعات
_964181
999 _aA29152
_c32720
_d32720